Official Language or Not? Quiz Stats

Quiz Updated Oct 3, 2012

Challenge
Share
Tweet
Embed
Score 0/30 Timer 04:00
5 Plays Today
% Correct
English
96.8%
Spanish
96.5%
French
96.5%
German
96.4%
Italian
96.4%
Russian
96.2%
Greek
96%
Arabic
95.4%
Hebrew
93.2%
Czech
93.1%
Hindi
92.6%
Bulgarian
91.2%
Serbian
90.6%
Afrikaans
88.2%
Bengali
86.5%
% Correct
Catalan
75.5%
Maori
70.7%
Romansh
68.4%
Khmer
65%
Pashto
63.3%
Tsonga
55%
Xhosa
50%
Dari
49.4%
Kirundi
48.2%
Amharic
46.8%
Dzongkha
40.1%
Chichewa
36.6%
Tok Pisin
36.5%
Bislama
33.4%
Tetum
28.1%

You're not logged in!

Compare scores with friends on all Sporcle quizzes.
Sign Up with Email
OR
Log In

You Might Also Like...

Show Comments

Extras

Top Quizzes Today


Score Distribution

Your Account Isn't Verified!

In order to create a playlist on Sporcle, you need to verify the email address you used during registration. Go to your Sporcle Settings to finish the process.